Management of public relations and communication (Record no. 2724)

000 -LEADER
fixed length control field 00606nam a22002057a 4500
003 - CONTROL NUMBER IDENTIFIER
control field OSt
005 - DATE AND TIME OF LATEST TRANSACTION
control field 20210719072036.0
008 - FIXED-LENGTH DATA ELEMENTS--GENERAL INFORMATION
fixed length control field 210719b ||||| |||| 00| 0 eng d
020 ## - INTERNATIONAL STANDARD BOOK NUMBER
International Standard Book Number 8125918469
040 ## - CATALOGING SOURCE
Transcribing agency ALUPE UNIVERSITY
050 ## - LIBRARY OF CONGRESS CALL NUMBER
Classification number HD58.9
Item number .S46 2010
100 ## - MAIN ENTRY--PERSONAL NAME
Personal name Sailesh Sengupta
245 ## - TITLE STATEMENT
Title Management of public relations and communication
260 ## - PUBLICATION, DISTRIBUTION, ETC.
Place of publication, distribution, etc. New Delhi, India
Name of publisher, distributor, etc. Vikas Pub. House
Date of publication, distribution, etc. 2010
300 ## - PHYSICAL DESCRIPTION
Extent 448pages
Other physical details : illustrations ;
Dimensions 22 cm
500 ## - GENERAL NOTE
General note Includes index.
650 ## - SUBJECT ADDED ENTRY--TOPICAL TERM
Topical term or geographic name entry element Public relations -- Management.
650 ## - SUBJECT ADDED ENTRY--TOPICAL TERM
Topical term or geographic name entry element Communication in management.
942 ## - ADDED ENTRY ELEMENTS (KOHA)
Source of classification or shelving scheme
Koha item type Book
Suppress in OPAC JO
Holdings
Withdrawn status Lost status Source of classification or shelving scheme Damaged status Not for loan Permanent Location Current Location Shelving location Date acquired Source of acquisition Total Checkouts Full call number Barcode Date last seen Date last checked out Price effective from Koha item type Public note
          AU LIBRARY AU LIBRARY Open Shelf 19.07.2021 DONATION FROM MOI UNIVERSITY 1 HD58.9 .S46 2010 28000677 22.10.2021 08.10.2021 19.07.2021 Book JO

Powered by Koha